101 rural appraisal problems with suggested solutions (Record no. 477884)

000 -LEADER
fixed length control field 00471cam a22001217a 4500
008 - FIXED-LENGTH DATA ELEMENTS--GENERAL INFORMATION
fixed length control field 180718b1958 xxu||||| |||| 00| 0 eng d
082 ## - DEWEY DECIMAL CLASSIFICATION NUMBER
Classification number L231108 Am35
245 ## - TITLE STATEMENT
Title 101 rural appraisal problems with suggested solutions
Statement of responsibility, etc. by American Institute of Real Estate Appraisers
260 ## - PUBLICATION, DISTRIBUTION, ETC.
Place of publication, distribution, etc. Chicago
Name of publisher, distributor, etc. American Institute of Real Estate Appraisers
Date of publication, distribution, etc. 1958
300 ## - PHYSICAL DESCRIPTION
Extent 76p.
650 ## - SUBJECT ADDED ENTRY--TOPICAL TERM
Topical term or geographic name entry element Land values, rural - study and teaching
700 ## - ADDED ENTRY--PERSONAL NAME
Personal name American Institute of Real Estate Appraisers
Holdings
Withdrawn status Lost status Damaged status Not for loan Permanent Location Current Location Date acquired Full call number Barcode Date last seen Price effective from Koha item type
        Indian Institute of Public Administration Indian Institute of Public Administration 2018-08-04 L231108 Am35 GR151 2018-08-04 2018-08-04 GR

Powered by Koha